| 000 | 01190nam a22003617a 4500 | ||
|---|---|---|---|
| 003 | CHAP | ||
| 005 | 20220329143723.0 | ||
| 008 | 110407s1982 mx r 00010 spa d | ||
| 010 | _a100879 | ||
| 011 | _a101851 | ||
| 020 | _a9681612108 | ||
| 035 | _a112539 | ||
| 040 | _cCHAP | ||
| 082 | 0 | 4 |
_a612.044 _bB78 |
| 100 | 1 |
_aBrohm, Jean-Marie _915504 |
|
| 245 | 1 | 0 |
_aSociología política del deporte _c/por Jean - Marie Brohm |
| 260 |
_aMéxico, D.F. : _bFondo de Cultura Económica, _c1982 |
||
| 300 |
_a334 p. _bilus. |
||
| 490 | _aObras de sociología | ||
| 534 |
_pTít. original _tSociologie politíque du sport : _cJean Pierre Delargue, Editions Universitaires |
||
| 590 |
_aBATCH-UPD _b10 _c20130110 _lUCH01 _h0948 |
||
| 590 |
_aBATCH-UPD _b10 _c20130410 _lUCH01 _h0602 |
||
| 590 |
_aBATCH-UPD _b10 _c20130914 _lUCH01 _h0751 |
||
| 590 |
_aCONVERSION _b10 _c20130109 _lUCH01 _h1356 |
||
| 650 | 1 | 4 |
_aCiencias políticas. _923206 |
| 650 | 1 | 4 |
_aCultura. _930401 |
| 650 | 1 | 4 |
_aDeportes. _931849 |
| 650 | 1 | 4 |
_aSociología. _9108197 |
| 830 | 0 |
_aObras de sociología _982554 |
|
| 901 | _aBK | ||
| 942 | _cLIBRO | ||
| 949 |
_a612.044 B78 _bBC _cLIBRO _d33724002238215 _eLIBRO _h114626 _i112539 _sb |
||
| 999 |
_c100879 _d100879 |
||